[Event "London Classic op U1750 11th"]
[Site "London"]
[Date "2019.12.06"]
[Round "5"]
[White "Finnegan, Oliver"]
[Black "Neo, Han Sheng Marcel"]
[Result "0-1"]
[WhiteElo "1695"]
[BlackElo "1229"]
[PlyCount "134"]
[EventDate "2019.12.02"]
[EventType "swiss"]
[EventRounds "5"]
[EventCountry "ENG"]
[SourceTitle "CBM 195 Extra"]
[Source "ChessBase"]
[SourceDate "2020.05.31"]
[SourceVersion "1"]
[SourceVersionDate "2020.05.31"]
[SourceQuality "1"]

1. d4 Nf6 2. Nc3 d5 3. Bf4 e6 4. e3 Be7 5. Bd3 b6 6. Qe2 Bb7 7. Nf3 Nbd7 8. Nb5 0-0 9. Bxc7 Qc8 10. Bd6 Re8 11. Bxe7 Rxe7 12. Nd6 Qc7 13. Nxb7 Qxb7 14. 0-0 a6 15. c3 b5 16. Rac1 Nb6 17. Ne5 Rc7 18. Bb1 Rac8 19. Nd3 Na4 20. Bc2 Rc4 21. Bxa4 bxa4 22. Nc5 Qb5 23. Qc2 Ne4 24. Nxe4 dxe4 25. Rb1 f5 26. g3 Qc6 27. a3 Rb8 28. Rfd1 Rb3 29. Qd2 Qd5 30. Qe2 a5 31. Kg2 Rc7 32. f3 exf3+ 33. Qxf3 Qxf3+ 34. Kxf3 Rcb7 35. Rd2 Rxc3 36. bxc3 Rxb1 37. Rc2 Ra1 38. c4 Rxa3 39. c5 Rb3 40. c6 Rb8 41. Kf4 Kf7 42. Ke5 Ke7 43. Rc5 Ra8 44. c7 Kd7 45. Rc4 a3 46. Ra4 Ra6 47. Rxa3 Kxc7 48. h3 Kd7 49. g4 fxg4 50. hxg4 Ke7 51. e4 a4 52. d5 exd5 53. exd5 Ra5 54. g5 h6 55. g6 h5 56. Rf3 a3 57. Rf7+ Ke8 58. Ke6 a2 59. Rxg7 Kf8 60. Rf7+ Kg8 61. Rh7 a1Q 62. Rxh5 Ra6+ 63. d6 Qe1+ 64. Re5 Qb4 65. Kf5 Qxd6 66. Re8+ Qf8+ 67. Rxf8+ Kxf8 0-1